Hämeen kunnat 1935 - Statistics

Yleistilastot
  • Tätä visaa on pelattu 363 kertaa
    330 viimeisimmän päivityksen jälkeen
  • Keskiarvotulos 55 / 66
Vastaustilastot
Kunnat % Oikein
Hämeenlinna
99%
Forssa
96%
Humppila
96%
Lahti
96%
Akaa
93%
Hattula
93%
Janakkala
93%
Riihimäki
93%
Tampere
93%
Tammela
92%
Urjala
92%
Valkeakoski
91%
Ypäjä
91%
Hollola
90%
Jokioinen
90%
Loppi
90%
Lammi
89%
Ylöjärvi
89%
Hauho
88%
Mänttä
88%
Orivesi
88%
Renko
88%
Hämeenlinnan mlk
87%
Hausjärvi
87%
Juupajoki
87%
Kangasala
87%
Kuhmoinen
87%
Lempäälä
87%
Tuulos
87%
Viiala
87%
Vilppula
87%
Asikkala
86%
Kärkölä
85%
Vanaja
85%
Vesilahti
85%
Aitolahti
84%
Padasjoki
84%
Pälkäne
84%
Kylmäkoski
83%
Ruovesi
82%
Etelä-pirkkala
81%
Jämsä
81%
Kuhmalahti
81%
Luopioinen
81%
Sahalahti
81%
Pohjois-Pirkkala
80%
Eräjärvi
79%
Sääksmäki
79%
Kalvola
78%
Kuru
78%
Längelmäki
78%
Nastola
78%
Teisko
78%
Tyrväntö
78%
Jämsänkoski
77%
Koijärvi
77%
Koskenpää
75%
Koski Hl
75%
Tottijärvi
75%
Somero
74%
Messukylä
72%
Muurame
71%
Somerniemi
69%
Korpilahti
68%
Kuorevesi
68%
Säynätsalo
67%
Ehtoja vastaavia visoja ei löytynyt
Tulosjakauma
Jokaisen tuloksen saaneiden osuus
Persentiili vastausten määrän mukaan
Tuloshistoriasi
Et ole pelannut tätä visaa sen viimeisimmän päivityksen jälkeen